000 00335nam a22001457a 4500
008 260313b |||||||| |||| 00| 0 eng d
020 _a9789374737385
040 _a03
082 _a610.73019 VIS
100 _aVISANTH VS
245 _aAPPLIED PSYCHOLOGY FOR NURSES
260 _aAITBS
_bAITBS
_cAITBS
300 _a600
942 _c01
999 _c67213
_d67213